[Event "CHN-ch Gp-B"]
[Site "Liaocheng"]
[Date "2024.04.22"]
[Round "4"]
[White "Cheng, Yuanda"]
[Black "Wu, Yixing"]
[Result "0-1"]
[WhiteElo "2068"]
[BlackElo "2348"]
[PlyCount "66"]
[EventDate "2024.04.21"]
[EventType "swiss"]
[EventRounds "11"]
[EventCountry "CHN"]
[SourceTitle "CB18_2024"]
[SourceDate "2024.05.01"]
[SourceVersion "1"]
[SourceVersionDate "2024.05.01"]
[SourceQuality "2"]

1. e4 c6 2. d4 d5 3. Nc3 dxe4 4. Nxe4 Nf6 5. Nxf6+ exf6 6. Bc4 Bd6 7. Nf3 0-0 8. 0-0 Re8 9. h3 Nd7 10. c3 Nf8 11. Qb3 Qc7 12. Bd2 Bf5 13. a4 Re7 14. Rfe1 g5 15. Rxe7 Qxe7 16. Re1 Qd7 17. a5 Ng6 18. Qd1 Kg7 19. d5 c5 20. b4 b6 21. bxc5 bxc5 22. Bc1 h5 23. Bd3 g4 24. Bxf5 Qxf5 25. Nd2 gxh3 26. Ne4 Be5 27. g3 Rd8 28. c4 Bd4 29. Be3 Ne5 30. Bxd4 Nf3+ 31. Kh1 Nxe1 32. Nxc5 Rb8 33. Bxf6+ Qxf6 0-1

[Event "CHN-ch Gp-B"]
[Site "Liaocheng"]
[Date "2024.04.21"]
[Round "2"]
[White "Jiang, Liu"]
[Black "Wu, Yixing"]
[Result "0-1"]
[WhiteElo "1800"]
[BlackElo "2348"]
[PlyCount "120"]
[EventDate "2024.04.21"]
[EventType "swiss"]
[EventRounds "11"]
[EventCountry "CHN"]
[SourceTitle "CB18_2024"]
[SourceDate "2024.05.01"]
[SourceVersion "1"]
[SourceVersionDate "2024.05.01"]
[SourceQuality "2"]

1. d4 Nf6 2. c4 e6 3. Nf3 d5 4. Nc3 Nbd7 5. Bg5 Bb4 6. Bxf6 Bxc3+ 7. bxc3 Nxf6 8. cxd5 exd5 9. e3 0-0 10. Bd3 Bg4 11. h3 Bh5 12. 0-0 Ne4 13. Rc1 Bxf3 14. gxf3 Nd6 15. f4 f5 16. Qh5 Rf6 17. Kh2 Ne4 18. Bxe4 dxe4 19. Rg1 Qd7 20. Rg2 Raf8 21. Rcg1 R8f7 22. Qd1 Qb5 23. Qc2 Qc4 24. Rb1 Rb6 25. Rgg1 Rff6 26. Rb3 Rfc6 27. Rc1 a5 28. Ra3 Ra6 29. Ra4 Qf7 30. Rb1 Rh6 31. Qb3 Rae6 32. Rg1 b6 33. Rg3 Rc6 34. Qxf7+ Kxf7 35. c4 Rhg6 36. Kg2 Ke7 37. Kf1 Kd7 38. Ke2 Kc8 39. d5 Rcd6 40. Ra3 c6 41. dxc6 Rxc6 42. Rxg6 hxg6 43. Rc3 Kc7 44. Kd2 Rd6+ 45. Ke2 Kc6 46. a3 Kc5 47. h4 a4 48. f3 exf3+ 49. Kxf3 Rd2 50. Rc1 Rh2 51. Rb1 Ra2 52. Rg1 Rxa3 53. Rxg6 Ra1 54. Rxg7 Kxc4 55. Ra7 b5 56. e4 Rf1+ 57. Kg2 Rxf4 58. exf5 Rxf5 59. Kg3 Kb3 60. Kg4 Rf1 0-1

[Event "CHN-chT"]
[Site "Qingdao"]
[Date "2024.04.03"]
[Round "2.3"]
[White "Xie, Kaifan"]
[Black "Wu, Yixing"]
[Result "1-0"]
[WhiteElo "2393"]
[BlackElo "2348"]
[PlyCount "121"]
[EventDate "2024.04.02"]
[EventType "team-swiss"]
[EventRounds "9"]
[EventCountry "CHN"]
[SourceTitle "CB16_2024"]
[SourceDate "2024.04.17"]
[SourceVersion "1"]
[SourceVersionDate "2024.04.17"]
[SourceQuality "1"]
[WhiteTeam "Hangzhou"]
[BlackTeam "Guangdong"]
[WhiteTeamCountry "CHN"]
[BlackTeamCountry "CHN"]

1. d4 Nf6 2. c4 e6 3. Nf3 d5 4. Nc3 c5 5. cxd5 cxd4 6. Qa4+ Bd7 7. Qxd4 exd5 8. Nxd5 Qa5+ 9. Nc3 Nc6 10. Qd1 Ne4 11. Bd2 Nxd2 12. Nxd2 Bb4 13. Rc1 Be6 14. a3 Be7 15. e3 Rd8 16. Bb5 0-0 17. Qc2 a6 18. Bxc6 bxc6 19. 0-0 Qh5 20. Nce4 c5 21. Nb3 c4 22. Nd4 Bd5 23. Rfd1 Qg6 24. Ng3 Bf6 25. Qxg6 hxg6 26. Nge2 Rc8 27. Nc3 Bc6 28. Rc2 Rfe8 29. Rdc1 Bxd4 30. exd4 Be4 31. Rd2 Bd3 32. b4 Rcd8 33. d5 g5 34. f3 f5 35. a4 Kf7 36. Rb2 Rd6 37. a5 Kf6 38. Kf2 Rb8 39. Ra1 Ke5 40. Ke3 f4+ 41. Kd2 Kd4 42. Re1 Rb5 43. Re7 Rd8 44. Re6 Rdb8 45. Rxa6 R5b7 46. b5 Rh8 47. Rb6 Ra7 48. Ra6 Rf7 49. h3 g4 50. hxg4 Rh2 51. Nd1 Rxg2+ 52. Kc1 Rg1 53. Rc6 Re7 54. a6 Be2 55. Rd2+ Bd3 56. b6 c3 57. Rxd3+ Kxd3 58. Rxc3+ Kd4 59. Rc2 Re3 60. Rd2+ Kc4 61. b7 1-0

[Event "Hvar Arsenal blitz op 2nd"]
[Site "Hvar"]
[Date "2023.10.19"]
[Round "8"]
[White "Gal, Andrej"]
[Black "Wu, Yixing"]
[Result "0-1"]
[WhiteElo "2037"]
[BlackElo "2010"]
[PlyCount "62"]
[EventDate "2023.10.19"]
[EventType "swiss (blitz)"]
[EventRounds "11"]
[EventCountry "CRO"]
[SourceTitle "Mega2024 Update 01"]
[Source "Chessbase"]
[SourceDate "2023.11.12"]
[SourceVersion "1"]
[SourceVersionDate "2023.11.12"]
[SourceQuality "1"]

1. d4 Nf6 2. c4 e6 3. Nf3 d5 4. g3 dxc4 5. Bg2 Bb4+ 6. Bd2 a5 7. 0-0 0-0 8. Qc2 Bxd2 9. Nbxd2 b5 10. a4 c6 11. Ne5 Ra6 12. e3 Nd5 13. Ne4 Nd7 14. Nxd7 Bxd7 15. Nc5 Ra7 16. e4 Nb4 17. Qd2 Qe7 18. e5 Rd8 19. Ra3 Be8 20. Rfa1 Qxc5 21. axb5 cxb5 22. Rxa5 Rxa5 23. Rxa5 Rxd4 24. Qe2 Bc6 25. h4 h6 26. Bxc6 Qxc6 27. Ra1 Qd5 28. Re1 Rd2 29. Qg4 Nd3 30. Re3 Nxe5 31. Qf4 Rd1+ 0-1

[Event "Thailand op"]
[Site "Chiangmai"]
[Date "2023.07.04"]
[Round "9"]
[White "Dang, Anh Minh"]
[Black "Wu, Yixing"]
[Result "1/2-1/2"]
[WhiteElo "2080"]
[BlackElo "2043"]
[PlyCount "52"]
[EventDate "2023.06.28"]
[EventType "swiss"]
[EventRounds "9"]
[EventCountry "THA"]
[SourceTitle "CBM 215 Extra"]
[Source "ChessBase"]
[SourceDate "2023.09.30"]
[SourceVersion "1"]
[SourceVersionDate "2023.09.30"]
[SourceQuality "1"]

1. d4 Nf6 2. c4 e6 3. Nc3 Bb4 4. Qc2 d5 5. cxd5 exd5 6. Bg5 h6 7. Bh4 Nc6 8. e3 g5 9. Bg3 h5 10. Bb5 h4 11. Be5 0-0 12. Bxf6 Qxf6 13. a3 Bf5 14. Bd3 Bxc3+ 15. bxc3 Ne7 16. Nf3 c6 17. Nd2 Rfe8 18. 0-0 Kg7 19. Rae1 Qg6 20. Bxf5 Nxf5 21. c4 Nd6 22. Qxg6+ Kxg6 23. c5 Ne4 24. Nxe4 Rxe4 25. Rb1 Re7 26. Rb3 Rd8 1/2-1/2

[Event "Asian Continental op 20th"]
[Site "Almaty"]
[Date "2023.06.10"]
[Round "8"]
[White "Wu, Yixing"]
[Black "Urazayev, Arystanbek"]
[Result "1/2-1/2"]
[WhiteElo "2043"]
[BlackElo "2436"]
[PlyCount "95"]
[EventDate "2023.06.04"]
[EventType "swiss"]
[EventRounds "9"]
[EventCountry "KAZ"]
[SourceTitle "CBM 214 Extra"]
[Source "ChessBase"]
[SourceDate "2023.07.31"]
[SourceVersion "1"]
[SourceVersionDate "2023.07.31"]
[SourceQuality "1"]

1. d4 Nf6 2. c4 e6 3. Nf3 d5 4. Nc3 c6 5. e3 Nbd7 6. Bd3 dxc4 7. Bxc4 b5 8. Bd3 b4 9. Ne4 Nxe4 10. Bxe4 Bb7 11. Qc2 Rc8 12. 0-0 Be7 13. Nd2 Nf6 14. Bf3 0-0 15. Nb3 Nd7 16. a3 bxa3 17. Nc5 Nxc5 18. dxc5 Ba6 19. Rd1 Qc7 20. b4 Rfd8 21. Bxa3 Bb5 22. Bb2 Rxd1+ 23. Bxd1 h6 24. f4 Rd8 25. Be5 Qb7 26. Qb2 Bf8 27. Bd4 Rd7 28. Qc3 Qc7 29. Ba4 Bxa4 30. Rxa4 Qb8 31. Ra6 Qb5 32. Qa3 Be7 33. Rxa7 Rxa7 34. Qxa7 Qxb4 35. g3 Qb1+ 36. Kf2 Qc2+ 37. Kg1 Bf8 38. Qa8 Qe4 39. Qd8 Qf3 40. Qc8 Qd5 41. Qe8 h5 42. Qc8 g5 43. Qb8 gxf4 44. gxf4 Qe4 45. Qd8 Qg6+ 46. Kf2 Qc2+ 47. Kg3 Qg6+ 48. Kf2 1/2-1/2

[Event "Asian Continental op 20th"]
[Site "Almaty"]
[Date "2023.06.06"]
[Round "3"]
[White "Isanzhulov, Arystan"]
[Black "Wu, Yixing"]
[Result "1-0"]
[WhiteElo "2408"]
[BlackElo "2043"]
[PlyCount "75"]
[EventDate "2023.06.04"]
[EventType "swiss"]
[EventRounds "9"]
[EventCountry "KAZ"]
[SourceTitle "CBM 214 Extra"]
[Source "ChessBase"]
[SourceDate "2023.07.31"]
[SourceVersion "1"]
[SourceVersionDate "2023.07.31"]
[SourceQuality "1"]

1. e4 c5 2. Nf3 d6 3. Bb5+ Bd7 4. Bxd7+ Qxd7 5. c4 Nf6 6. Nc3 Nc6 7. d4 Qg4 8. d5 Nd4 9. Nxd4 Qxd1+ 10. Nxd1 cxd4 11. f3 e5 12. Nf2 Be7 13. f4 Rc8 14. b3 Nd7 15. Ke2 g6 16. g3 f5 17. Ba3 Kf7 18. Rhf1 Rhe8 19. Kd3 b6 20. Rae1 Kg7 21. Nh3 fxe4+ 22. Rxe4 b5 23. Ree1 bxc4+ 24. bxc4 Nb6 25. fxe5 dxe5 26. d6 Nxc4 27. d7 Bxa3 28. dxe8N+ Kh6 29. Nf6 Nb2+ 30. Ke4 d3 31. Ng4+ Kg7 32. Ne3 d2 33. Re2 Nc4 34. Rd1 Nd6+ 35. Kf3 Rf8+ 36. Kg2 Ne4 37. Nd5 Rd8 38. Nc7 1-0

[Event "Asian Continental op 20th"]
[Site "Almaty"]
[Date "2023.06.06"]
[Round "4"]
[White "Wu, Yixing"]
[Black "Khatibi, Mohammad Qais"]
[Result "1-0"]
[WhiteElo "2043"]
[BlackElo "1571"]
[PlyCount "113"]
[EventDate "2023.06.04"]
[EventType "swiss"]
[EventRounds "9"]
[EventCountry "KAZ"]
[SourceTitle "CBM 214 Extra"]
[Source "ChessBase"]
[SourceDate "2023.07.31"]
[SourceVersion "1"]
[SourceVersionDate "2023.07.31"]
[SourceQuality "1"]

1. c4 Nf6 2. Nf3 d5 3. cxd5 Nxd5 4. d4 Bf5 5. Nc3 e6 6. Qb3 Bb4 7. Bd2 0-0 8. e3 c5 9. Nxd5 Qxd5 10. Qxd5 exd5 11. Bxb4 cxb4 12. Ne5 Nc6 13. Nxc6 bxc6 14. Rc1 Rfc8 15. Ba6 Rc7 16. Kd2 Rb8 17. Rc5 Rb6 18. Be2 Kf8 19. Rhc1 Be6 20. g4 Ke7 21. f4 g6 22. h4 Kd6 23. Rh1 f5 24. g5 h5 25. Rhc1 Bc8 26. Ra5 Bb7 27. Rxa7 c5 28. dxc5+ Rxc5 29. Rxc5 Kxc5 30. Ra5+ Kd6 31. Rb5 Kc6 32. Rxb6+ Kxb6 33. a3 bxa3 34. bxa3 Kc5 35. Kc3 Bc6 36. Ba6 Bd7 37. Bb7 Ba4 38. Bc8 Be8 39. Be6 Kd6 40. Bg8 Kc5 41. a4 Bxa4 42. Bf7 Kd6 43. Bxg6 Bd1 44. Bxf5 Bf3 45. Kd4 Bg2 46. Bg6 Bf3 47. Bf7 Ke7 48. Bxd5 Bg4 49. e4 Bd7 50. f5 Kf8 51. Ke5 Kg7 52. Be6 Be8 53. f6+ Kf8 54. f7 Bc6 55. Bd5 Bd7 56. Kf6 Bc6 57. g6 1-0